Leadership

Bibliographic Details
Main Author: Lee, Stephen
Format: Book
Published: Selangor : Express Education , 2009
Series:Noble value series
Subjects:

MARC

LEADER 00000cam a2200000 7i4500
001 0000030245
005 20190616.0
008 110118
020 |a 9675255052 
090 0 0 |a 158.4   |b LEE 
090 0 0 |a MOR   |b ENG 
100 0 |a Lee, Stephen 
245 1 0 |a Leadership   |c Stephen Lee 
260 |a Selangor :   |b Express Education ,   |c 2009 
440 |a Noble value series 
510 1 0 |a Children ages 10-12 years old (pink) 
650 0 |a Etiquette 
650 0 |a Leadership 
999 |a 0001065049   |b Book   |c Adult Collection   |e Cawangan Tmn. Ungku Tun Aminah 
999 |a 0001065600   |b Book   |c Adult Collection   |e Cawangan Segamat 
999 |a 0001065890   |b Book   |c Adult Collection   |e Cawangan Bukit Gambir 
999 |a 0001066760   |b Book   |c Adult Collection   |e Cawangan Mersing 
999 |a 0001066897   |b Book   |c Adult Collection   |e Perbadanan Perpustakaan Awam Johor 
999 |a 0001140759   |b Book   |c Children Collection   |e Perbadanan Perpustakaan Awam Johor 
999 |a 0001140760   |b Book   |c Children Collection   |e Perbadanan Perpustakaan Awam Johor